Catálogo
 En Linea

Quisqueya umbral de América = (Registro nro. 30975)

Detalles MARC
000 -CABECERA
campo de control de longitud fija 01101nam a2200301 a 4500
001 - NÚMERO DE CONTROL
campo de control 000031483
003 - IDENTIFICADOR DEL NÚMERO DE CONTROL
campo de control OSt
005 - FECHA Y HORA DE LA ÚLTIMA TRANSACCIÓN
campo de control 20201106123112.0
008 - DATOS DE LONGITUD FIJA--INFORMACIÓN GENERAL
campo de control de longitud fija 110627nuuuuuuuuxx c 000 | spa d
040 ## - FUENTE DE LA CATALOGACIÓN
Centro catalogador/agencia de origen DO-SdBNP
Lengua de catalogación spa
Centro/agencia transcriptor BNPHU
049 ## - FONDOS LOCALES (OCLC)
Fondos de biblioteca
082 ## - NÚMERO DE LA CLASIFICACIÓN DECIMAL DEWEY
Número de clasificación xxx
Número de documento/Ítem S883q
100 ## - ENTRADA PRINCIPAL--NOMBRE DE PERSONA
Nombre de persona Stoppelman, Francis
9 (RLIN) 57872
245 00 - MENCIÓN DE TÍTULO
Título Quisqueya umbral de América =
Resto del título threshold of the Americas /
Mención de responsabilidad, etc. fotos de Francis Stoppelman; introducción Luis F. Thomen.
246 03 - FORMA VARIANTE DE TÍTULO
Título propio/Titulo breve La República Dominicana
246 13 - FORMA VARIANTE DE TÍTULO
Título propio/Titulo breve The Dominican Republic
260 ## - PUBLICACIÓN, DISTRIBUCIÓN, ETC.
Lugar de publicación, distribución, etc. Leiden, Horlanda :
Nombre del editor, distribuidor, etc. Nederlandsche Rotogravure Maatschappij,
Fecha de publicación, distribución, etc. [196?].
300 ## - DESCRIPCIÓN FÍSICA
Extensión 131 p. :
Otras características físicas retrs. ;
Dimensiones 27 cm.
546 ## - NOTA DE LENGUA/LENGUAJE
Nota de lengua/lenguaje Texto en inglés y español
590 ## - NOTA LOCAL (RLIN)
Nota local Inventariado, 2020/VM
650 #4 - PUNTO DE ACCESO ADICIONAL DE MATERIA--TÉRMINO DE MATERIA
Fuente del encabezamiento o término Ciudades y Pueblos
Subdivisión general Historia
Subdivisión geográfica República Dominicana
9 (RLIN) 77199
650 #4 - PUNTO DE ACCESO ADICIONAL DE MATERIA--TÉRMINO DE MATERIA
Término de materia o nombre geográfico como elemento de entrada Monumentos Histéricos
Subdivisión general Historia
Subdivisión geográfica República Dominicana
9 (RLIN) 77200
651 #4 - PUNTO DE ACCESO ADICIONAL DE MATERIA--NOMBRE GEOGRÁFICO
Nombre geográfico Quisqueya (República Dominicana )
Subdivisión general Historia
9 (RLIN) 77201
700 1# - PUNTO DE ACCESO ADICIONAL--NOMBRE DE PERSONA
Nombre de persona Stoppelman, Francis,
Término indicativo de función/relación fot.
9 (RLIN) 57872
700 1# - PUNTO DE ACCESO ADICIONAL--NOMBRE DE PERSONA
Nombre de persona Thomen, Luis F.
9 (RLIN) 57873
910 ## - DATOS DE OPCIÓN DEL USUARIO (OCLC)
Datos de opción del usuario VMateo
942 ## - ELEMENTOS DE PUNTO DE ACCESO ADICIONAL (KOHA)
Fuente del sistema de clasificación o colocación Dewey Decimal Classification
Tipo de ítem Koha Libro
Existencias
Estado de retiro Estado de pérdida Restricciones de uso No para préstamo Código de colección Localización permanente Ubicación/localización actual Ubicación en estantería Fecha de adquisición Número de inventario Total de préstamos Signatura topográfica completa Código de barras Fecha visto por última vez Número de copia Precio válido a partir de Tipo de ítem Koha Nota pública
      Excluido de préstamo Monografías: Libros y Folletos Patrimonio Dominicano Patrimonio Dominicano Depósito 19.06.2015 LF1   xxx Q87u 31483-20 25.06.2020 e. 2 25.06.2020 No se presta Perteneció a la biblioteca personal de Carmen Herrera.
      Excluido de préstamo Raros y valiosos Patrimonio Dominicano Patrimonio Dominicano Depósito 27.06.2011 LF1   xxx Q87u 31483-10 25.06.2020   25.06.2020 No se presta Perteneció a la biblioteca personal de Aída Cartagena Portalatín.

Con tecnología Koha